Lézer
Elmentve itt :
| Szerző: | |
|---|---|
| Dokumentumtípus: | Cikk |
| Megjelent: |
2009-02-09
|
| Sorozat: | Szegedi Egyetem
57 No. 2 |
| Online Access: | http://misc.bibl.u-szeged.hu/74184 |
| LEADER | 00540nab a2200169 i 4500 | ||
|---|---|---|---|
| 001 | misc74184 | ||
| 005 | 20231016145625.0 | ||
| 008 | 231016s2009 hu o 000 hun d | ||
| 040 | |a SZTE Miscellanea Repozitórium |b hun | ||
| 041 | |a hun | ||
| 100 | 1 | |a Dlusztus Imre | |
| 245 | 1 | 0 | |a Lézer |h [elektronikus dokumentum] / |c Dlusztus Imre |
| 260 | |c 2009-02-09 | ||
| 300 | |a 1 | ||
| 490 | 0 | |a Szegedi Egyetem |v 57 No. 2 | |
| 561 | |a Szent-Györgyi Albertről szóló irodalom | ||
| 856 | 4 | 0 | |u http://misc.bibl.u-szeged.hu/74184/1/szgya_2009_006.pdf |z Dokumentum-elérés |